CAD/CAM/CIM (Record no. 777)

MARC details
000 -LEADER
fixed length control field 00718nac a22002171u 4500
020 ## - INTERNATIONAL STANDARD BOOK NUMBER
International Standard Book Number 8122412483
082 ## - DEWEY DECIMAL CLASSIFICATION NUMBER
Classification number 604.2
Item number R128
090 ## - LOCALLY ASSIGNED LC-TYPE CALL NUMBER (OCLC); LOCAL CALL NUMBER (OCLC)
-- 777
-- 777
100 ## - MAIN ENTRY--PERSONAL NAME
Personal name Radhakrishnan, P.
245 ## - TITLE STATEMENT
Title CAD/CAM/CIM
Statement of responsibility, etc P. Radhakrishnan, S. Subramanyan, Raju V.
250 ## - EDITION STATEMENT
Edition statement 2nd ed.
260 ## - PUBLICATION, DISTRIBUTION, ETC. (IMPRINT)
Place of publication, distribution, etc New Delhi :
Name of publisher, distributor, etc New Age International
Date of publication, distribution, etc 2004.
300 ## - PHYSICAL DESCRIPTION
Extent 675 p.
Other physical details ill. ;
Dimensions 24 cm.
500 ## - GENERAL NOTE
General note Includes index.
650 ## - SUBJECT ADDED ENTRY--TOPICAL TERM
Topical term or geographic name as entry element Computer integrated manufacturing systems.
650 ## - SUBJECT ADDED ENTRY--TOPICAL TERM
Topical term or geographic name as entry element CAD/CAM systems.
700 ## - ADDED ENTRY--PERSONAL NAME
Personal name Subramanyan, S.
700 ## - ADDED ENTRY--PERSONAL NAME
Personal name Raju, V.
942 ## - ADDED ENTRY ELEMENTS (KOHA)
Item type Book - Borrowing
Call number prefix 604.2R128
Holdings
Withdrawn status Item status Source of classification or shelving scheme Damaged status Not for loan Vendor Home library Current library Shelving location Date acquired Source of acquisition Cost, normal purchase price Total Checkouts Full call number Barcode Date last seen Date last borrowed Cost, replacement price Koha item type
    Dewey Decimal Classification       Central Library Central Library First floor 27/07/2006   100.00 2 604.2 RAD 000003806 15/07/2025 19/03/2015 125.00 Book - Borrowing